000
00279nam a2200109Ia 4500
008
230907s9999||||xx |||||||||||||| ||und||
082
_a
5.74
_b
ELM
100
_a
Elmasri, Ramez,
_9
89318
245
0
_a
Fundamentals of database systems /
300
_a
xxx, 1242 pages :
942
_c
BK
999
_c
600007
_d
600007